[Event "USCL Week 7"]
[Site "Internet Chess Club"]
[Date "2015.10.07"]
[Round "?"]
[White "Nakada, Akira"]
[Black "Krasik, Ilya"]
[Result "0-1"]
[WhiteElo "2035"]
[BlackElo "2276"]
[PlyCount "50"]
[EventDate "2015.??.??"]

1. d4 g6 2. c4 Bg7 3. Nc3 c5 4. d5 Bxc3+ 5. bxc3 f5 6. g3 Nf6 7. Bg2 Qa5 8. Qc2
d6 9. Nh3 Nbd7 10. Nf4 Ne5 11. Qb3 O-O 12. h4 Qa6 13. h5 Rb8 14. hxg6 hxg6 15.
Bd2 Bd7 16. Rh3 b5 17. cxb5 Bxb5 18. Rb1 g5 19. Ne6 Bxe2 20. Qxb8 Nd3+ 21. Kxe2
Nb2+ 22. Ke1 Rxb8 23. Rxb2 Rxb2 24. f3 Qd3 25. Bxg5 Qe2# 0-1

[Event "USCL Week 7"]
[Site "Internet Chess Club"]
[Date "2015.10.07"]
[Round "?"]
[White "Yang, Yi"]
[Black "Rozman, Levy"]
[Result "0-1"]
[WhiteElo "2312"]
[BlackElo "2378"]
[PlyCount "62"]
[EventDate "2015.??.??"]

1. e4 e6 2. d4 d5 3. e5 c5 4. c3 Qb6 5. Nf3 Nc6 6. a3 Nh6 7. b4 cxd4 8. cxd4
Nf5 9. Be3 f6 10. Bd3 Nxe3 11. fxe3 fxe5 12. b5 Nxd4 13. exd4 e4 14. Nc3 exf3
15. gxf3 Be7 16. f4 Bf6 17. Ne2 O-O 18. Qd2 Bd7 19. a4 g6 20. a5 Bh4+ 21. Kd1
Qd6 22. Rg1 Rac8 23. Rg4 Bf6 24. Ng3 Bxd4 25. f5 Bxa1 26. fxg6 Qc5 27. Nh5 h6
28. g7 Rf2 29. Be2 Bxb5 30. Qxh6 Qc2+ 31. Ke1 Qxe2# 0-1

[Event "USCL Week 7"]
[Site "Internet Chess Club"]
[Date "2015.10.07"]
[Round "?"]
[White "Klein, Ethan"]
[Black "Kumar, Aravind"]
[Result "1/2-1/2"]
[WhiteElo "2053"]
[BlackElo "2286"]
[PlyCount "75"]
[EventDate "2015.??.??"]

1. d4 Nf6 2. c4 c6 3. Nc3 d5 4. e3 Bf5 5. cxd5 cxd5 6. Qb3 Nc6 7. Qxb7 Bd7 8.
Qb3 Rb8 9. Qd1 e5 10. dxe5 Nxe5 11. a3 Bd6 12. f4 Ng6 13. Nf3 O-O 14. Be2 Bc5
15. Nd4 Nh4 16. O-O Nf5 17. Nxf5 Bxf5 18. g4 Be6 19. b4 Bb6 20. Na4 Ne4 21.
Nxb6 axb6 22. Bb2 Qh4 23. f5 Bc8 24. Be5 Bb7 25. Bxb8 Rxb8 26. Qd4 Re8 27. Bf3
h5 28. gxh5 Ba6 29. Bxe4 Rxe4 30. Qxb6 Rg4+ 31. Kh1 Bd3 32. Rf4 Be4+ 33. Rxe4
dxe4 34. Rg1 Rxg1+ 35. Kxg1 Qe1+ 36. Kg2 Qe2+ 37. Kg1 Qe1+ 38. Kg2 1/2-1/2

[Event "USCL Week 7"]
[Site "Internet Chess Club"]
[Date "2015.10.07"]
[Round "?"]
[White "Subervi, Jonathan"]
[Black "Manuelian, Haik der"]
[Result "1/2-1/2"]
[WhiteElo "2297"]
[BlackElo "2244"]
[PlyCount "78"]
[EventDate "2015.??.??"]

1. Nf3 d5 2. c4 c6 3. d4 Nf6 4. Nbd2 Bf5 5. g3 e6 6. Nh4 Bg6 7. Bg2 Be7 8. O-O
Nbd7 9. Nxg6 hxg6 10. e4 dxe4 11. Nxe4 Nxe4 12. Bxe4 Nf6 13. Bf3 O-O 14. b3 a5
15. Bb2 a4 16. Qc2 axb3 17. axb3 Qb6 18. Bc3 Rfc8 19. Ra4 Rxa4 20. bxa4 Ra8 21.
Rb1 Qa6 22. Qb3 Ra7 23. a5 Bd8 24. d5 exd5 25. cxd5 Nxd5 26. Re1 Bf6 27. Re8+
Kh7 28. Bxd5 cxd5 29. Bxf6 Qxf6 30. Qxd5 b6 31. axb6 Qxb6 32. Qe4 Qf6 33. Re5
Kg8 34. Re8+ Kh7 35. Re5 Kg8 36. Qd5 Rc7 37. Re4 Rc8 38. Rf4 Rc1+ 39. Kg2 Qc6
1/2-1/2

[Event "USCL Week 7"]
[Site "Internet Chess Club"]
[Date "2015.10.07"]
[Round "?"]
[White "Paragua, Mark"]
[Black "Stripunsky, Alex"]
[Result "0-1"]
[WhiteElo "2638"]
[BlackElo "2661"]
[PlyCount "124"]
[EventDate "2015.??.??"]

1. e4 c5 2. Nf3 e6 3. d4 cxd4 4. Nxd4 a6 5. Bd3 Ne7 6. O-O Nbc6 7. Nxc6 Nxc6 8.
f4 d5 9. exd5 exd5 10. Nc3 Be7 11. Qf3 Nb4 12. a3 Nxd3 13. cxd3 Bd7 14. Be3 d4
15. Bxd4 Bc6 16. Qf2 O-O 17. Ne4 Qd5 18. f5 f6 19. Rac1 Rfe8 20. Rfe1 Rac8 21.
Nc3 Qf7 22. Re3 Bd6 23. h3 Rxe3 24. Bxe3 Re8 25. Bf4 Bf8 26. d4 Qh5 27. Qc2 Bd7
28. Qb3+ Kh8 29. Qxb7 Qxf5 30. Rf1 Qe6 31. d5 Bc8 32. Qc7 Qd7 33. d6 Qxc7 34.
dxc7 Bc5+ 35. Kh2 g5 36. Bg3 f5 37. Na4 Be3 38. Rd1 f4 39. Be1 Kg7 40. Bc3+ Kf7
41. Bd4 g4 42. hxg4 Bxg4 43. Rf1 Ke6 44. Bb6 Kd6 45. b4 Bd7 46. Rd1+ Kc6 47.
Bxe3 fxe3 48. Rc1+ Kd6 49. Kg3 e2 50. Kf2 e1=Q+ 51. Rxe1 Rf8+ 52. Ke3 Bxa4 53.
Rh1 Bc2 54. Rc1 Bf5 55. a4 Rc8 56. Rc5 Be6 57. Ra5 Bc4 58. Kd4 Rxc7 59. b5 axb5
60. axb5 Bf1 61. Ra6+ Kd7 62. Rh6 Kc8 0-1

[Event "USCL Week 7"]
[Site "Internet Chess Club"]
[Date "2015.10.07"]
[Round "?"]
[White "Moradiabadi, Elshan"]
[Black "Brooks, Michael"]
[Result "1-0"]
[WhiteElo "2647"]
[BlackElo "2436"]
[PlyCount "111"]
[EventDate "2015.??.??"]

1. d4 Nf6 2. Nf3 g6 3. g3 Bg7 4. Bg2 O-O 5. c4 d6 6. O-O Nbd7 7. Nc3 e5 8. e4
b6 9. Be3 Bb7 10. d5 a5 11. Nd2 Bc8 12. a3 Nc5 13. h3 Nh5 14. Kh2 Bd7 15. b4
axb4 16. axb4 Rxa1 17. Qxa1 Nd3 18. Na2 f5 19. Qc3 f4 20. Qxd3 fxe3 21. Qxe3
Qa8 22. Nc1 Qa4 23. Nd3 Qa3 24. Bf3 Nf6 25. Be2 Qa2 26. c5 Bb5 27. Rc1 h5 28.
cxd6 cxd6 29. Rc3 Bxd3 30. Bxd3 Rf7 31. Kg2 Kh7 32. Rc2 Qa3 33. Nc4 Qxb4 34.
Rb2 Qc3 35. Rxb6 Bh6 36. Qe2 h4 37. Nxd6 Rf8 38. g4 Kg8 39. Rc6 Qa1 40. Nc4 Bf4
41. Re6 Kg7 42. d6 Qd4 43. Re7+ Rf7 44. Rxf7+ Kxf7 45. Qc2 Kg7 46. Qb3 Kh6 47.
Bb1 Kg5 48. Qd3 Qa7 49. Nd2 Kh6 50. Nf3 g5 51. Qc4 Qd7 52. Qc5 Qe6 53. Bd3 Ne8
54. d7 Qxd7 55. Nxe5 Qc7 56. Qf8+ 1-0

[Event "USCL Week 7"]
[Site "Internet Chess Club"]
[Date "2015.10.07"]
[Round "?"]
[White "Kacheishvili, Giorgi"]
[Black "Shmelov, Denys"]
[Result "1-0"]
[WhiteElo "2672"]
[BlackElo "2444"]
[PlyCount "123"]
[EventDate "2015.??.??"]

1. Nf3 Nf6 2. c4 c6 3. b3 d5 4. Bb2 Bf5 5. d3 e6 6. Nbd2 h6 7. g3 Be7 8. Bg2
O-O 9. O-O Nbd7 10. Qc2 Bh7 11. a3 a5 12. Ne5 Nxe5 13. Bxe5 Nd7 14. Bc3 Bf6 15.
b4 Bxc3 16. Qxc3 Qf6 17. Qxf6 Nxf6 18. Nb3 b6 19. Rfc1 a4 20. Nd4 Rfc8 21. cxd5
cxd5 22. Nb5 Ne8 23. Kf1 Kf8 24. e4 Ke7 25. Ke2 dxe4 26. dxe4 Rab8 27. e5 Rxc1
28. Rxc1 Rd8 29. Nc3 Bd3+ 30. Ke3 Bc4 31. Rd1 Rxd1 32. Nxd1 Nc7 33. Nc3 Bb5 34.
Kd4 Kd7 35. f4 f6 36. Be4 Bf1 37. exf6 gxf6 38. Bd3 Bxd3 39. Kxd3 Kc6 40. g4
Nd5 41. Ne2 e5 42. fxe5 fxe5 43. Nc3 Nf6 44. h3 Nh7 45. Ne4 Kd5 46. h4 Nf8 47.
Nc3+ Kc6 48. Ke4 Nd7 49. Nxa4 Kb5 50. Nc3+ Kc4 51. Nd5 Kb3 52. g5 hxg5 53. hxg5
Nf8 54. Nxb6 Kxa3 55. Nd5 Ka4 56. Kxe5 Kb5 57. Kf5 Kc4 58. Nc7 Kxb4 59. Ne6 Nd7
60. g6 Nb6 61. Nf4 Nc8 62. Ke6 1-0

[Event "USCL Week 7"]
[Site "Internet Chess Club"]
[Date "2015.10.07"]
[Round "?"]
[White "Finegold, Spencer"]
[Black "Osbourn, Josh"]
[Result "0-1"]
[WhiteElo "2187"]
[BlackElo "2052"]
[PlyCount "84"]
[EventDate "2015.??.??"]

1. Nf3 d5 2. g3 Nf6 3. Bg2 Bf5 4. c4 e6 5. O-O Be7 6. Qb3 Qc8 7. d3 c6 8. Bf4
O-O 9. Rc1 Na6 10. Qd1 Rd8 11. cxd5 exd5 12. Nc3 Bh3 13. Qf1 Bxg2 14. Qxg2 Nc5
15. b4 Ne6 16. Be5 Qd7 17. Rab1 Rac8 18. h3 Qe8 19. a3 Nd7 20. Na4 Nxe5 21.
Nxe5 Nd4 22. f4 Bf6 23. e3 Bxe5 24. fxe5 Qxe5 25. exd4 Qxd4+ 26. Qf2 Qxd3 27.
Rf1 Qg6 28. Rb3 d4 29. Nc5 b6 30. Nd3 Qe6 31. Rbb1 f6 32. Kh2 c5 33. bxc5 bxc5
34. Rbe1 Qa6 35. Nf4 d3 36. Re6 Rd6 37. Re7 Kf8 38. Qe3 d2 39. Rd1 c4 40. Re6
c3 41. Rxd6 Qxd6 42. Ne2 Re8 0-1

[Event "USCL Week 7"]
[Site "Internet Chess Club"]
[Date "2015.10.07"]
[Round "?"]
[White "Andrenko, Irina"]
[Black "Eckert, Doug"]
[Result "0-1"]
[WhiteElo "2323"]
[BlackElo "2272"]
[PlyCount "100"]
[EventDate "2015.??.??"]

1. e4 e5 2. Nf3 Nf6 3. Nc3 Nc6 4. Be2 d5 5. exd5 Nxd5 6. O-O Be7 7. d4 exd4 8.
Nxd4 Nxc3 9. bxc3 Nxd4 10. cxd4 O-O 11. Rb1 b6 12. Bf3 Rb8 13. c4 Bf6 14. Be3
Bf5 15. Rc1 Re8 16. Qd2 Qd7 17. Rfd1 Bg4 18. Bxg4 Qxg4 19. h3 Qd7 20. Qc2 g6
21. d5 Be5 22. a4 Bd6 23. Qb3 Bc5 24. Bd4 Qf5 25. Bxc5 bxc5 26. Qg3 Qe5 27.
Qxe5 Rxe5 28. Rb1 Rb4 29. Rxb4 cxb4 30. a5 Re4 31. c5 Kf8 32. d6 cxd6 33. cxd6
Ke8 34. d7+ Kd8 35. Rd3 Re5 36. Rf3 Rb5 37. Rb3 Kxd7 38. Kf1 Kc6 39. Ke2 Kc5
40. a6 Ra5 41. Rf3 f5 42. g4 fxg4 43. hxg4 Rxa6 44. Rh3 Ra2+ 45. Ke1 a5 46.
Rxh7 b3 47. Rb7 a4 48. f4 b2 49. Kd1 Ra1+ 50. Kc2 a3 0-1

[Event "USCL Week 7"]
[Site "Internet Chess Club"]
[Date "2015.10.07"]
[Round "?"]
[White "Banawa, Joel"]
[Black "Safin, Artur"]
[Result "1-0"]
[WhiteElo "2496"]
[BlackElo "2333"]
[PlyCount "79"]
[EventDate "2015.??.??"]

1. d4 d5 2. c4 c6 3. Nc3 Nf6 4. e3 a6 5. Nf3 b5 6. b3 Bg4 7. Be2 e6 8. O-O Nbd7
9. Bb2 Bd6 10. h3 Bh5 11. Ne5 Bxe2 12. Nxe2 Rc8 13. Rc1 O-O 14. Rc2 c5 15. Nxd7
Nxd7 16. dxc5 Nxc5 17. cxd5 exd5 18. Rd2 Qc7 19. Nc3 d4 20. Nd5 Qb7 21. Bxd4
Ne4 22. Bxg7 Nxd2 23. Bxf8 Qxd5 24. Bxd6 f5 25. Bb4 Rd8 26. Bxd2 Qxd2 27. Qh5
Rd5 28. Qe8+ Kg7 29. Qe7+ Kg6 30. Qe6+ Kg7 31. Qxa6 b4 32. Qc6 Rd6 33. Qc5 Rd5
34. Qc4 Rd3 35. g3 Kf6 36. a3 bxa3 37. Qa6+ Kf7 38. Qxa3 h5 39. Qa7+ Kg6 40.
Qb8 1-0

[Event "USCL Week 7"]
[Site "Internet Chess Club"]
[Date "2015.10.07"]
[Round "?"]
[White "Feng, Roland"]
[Black "Durham, Daniel"]
[Result "1-0"]
[WhiteElo "2365"]
[BlackElo "2306"]
[PlyCount "61"]
[EventDate "2015.??.??"]

1. d4 Nf6 2. c4 g6 3. Nc3 Bg7 4. Nf3 d6 5. Bg5 h6 6. Bh4 g5 7. Bg3 Nh5 8. e3 e6
9. Be2 Nc6 10. Qc2 Bd7 11. a3 a5 12. Rd1 Nxg3 13. hxg3 Qe7 14. Nb5 Rc8 15. g4
O-O 16. Nc3 f5 17. d5 exd5 18. Rxd5 Qf6 19. gxf5 Bxf5 20. Bd3 Ne7 21. Rxf5 Nxf5
22. Nd5 Qxb2 23. Qxb2 Bxb2 24. Bxf5 Kg7 25. Bxc8 Rxc8 26. a4 c6 27. Ne7 Rf8 28.
e4 Rf4 29. Nf5+ Kf8 30. Nd2 d5 31. g3 1-0

[Event "USCL Week 7"]
[Site "Internet Chess Club"]
[Date "2015.10.07"]
[Round "?"]
[White "Sanchez, Robert"]
[Black "Atoufi, Pedram"]
[Result "0-1"]
[WhiteElo "2157"]
[BlackElo "2368"]
[PlyCount "88"]
[EventDate "2015.??.??"]

1. e4 e5 2. Nf3 Nc6 3. Bb5 a6 4. Ba4 Nf6 5. d3 b5 6. Bb3 Be7 7. O-O O-O 8. c3
d6 9. Re1 Na5 10. Bc2 c5 11. Nbd2 Nc6 12. Nf1 h6 13. Ng3 Be6 14. Nf5 Bxf5 15.
exf5 Rc8 16. h3 Re8 17. a3 Qd7 18. g4 Bd8 19. Be3 c4 20. d4 e4 21. Nh2 d5 22.
Qd2 Bc7 23. Nf1 Nh7 24. Ng3 Qe7 25. Kg2 Qh4 26. Rh1 Ng5 27. Bd1 g6 28. Bf4 Na5
29. Bxc7 Rxc7 30. Qf4 Rce7 31. Qd6 e3 32. fxe3 Rxe3 33. fxg6 Nb3 34. Rb1 Nd2
35. Ra1 Nde4 36. gxf7+ Nxf7 37. Qg6+ Kf8 38. Qg7+ Kxg7 39. Nf5+ Kg8 40. Nxh4
Rg3+ 41. Kf1 Nfg5 42. Rh2 Nxh3 43. Rxh3 Rxh3 44. Nf5 Rh2 0-1

[Event "USCL Week 7"]
[Site "Internet Chess Club"]
[Date "2015.10.07"]
[Round "?"]
[White "Toolin, Chris"]
[Black "Ginsburg, Mark"]
[Result "1/2-1/2"]
[WhiteElo "2328"]
[BlackElo "2404"]
[PlyCount "80"]
[EventDate "2015.??.??"]

1. d4 g6 2. c4 Bg7 3. Nc3 d6 4. e4 Nd7 5. Be3 e5 6. Nge2 Nh6 7. f3 f5 8. Qd2 f4
9. Bf2 O-O 10. O-O-O g5 11. Kb1 a6 12. dxe5 Nxe5 13. c5 Be6 14. cxd6 Nc4 15.
Qc1 cxd6 16. Nd4 Bf7 17. Bxc4 Bxc4 18. b3 Bf7 19. Nde2 Be5 20. g3 Rc8 21. gxf4
gxf4 22. Rhg1+ Kh8 23. Bd4 Qf6 24. Qb2 Rcd8 25. Rd2 Be6 26. Bxe5 dxe5 27. Rgd1
Rxd2 28. Rxd2 Nf7 29. Nd5 Qg7 30. Nec3 Bxd5 31. Rxd5 Rd8 32. Qf2 Rc8 33. Kb2
Ng5 34. Qg2 Qc7 35. Qxg5 Qxc3+ 36. Ka3 Qc1+ 37. Ka4 Qc6+ 38. Ka3 Qc1+ 39. Ka4
Qc6+ 40. Ka3 Qc1+ 1/2-1/2

[Event "USCL Week 7"]
[Site "Internet Chess Club"]
[Date "2015.10.07"]
[Round "?"]
[White "Troff, Kayden"]
[Black "Milat, Marcel"]
[Result "1/2-1/2"]
[WhiteElo "2619"]
[BlackElo "2357"]
[PlyCount "61"]
[EventDate "2015.??.??"]

1. d4 Nf6 2. c4 g6 3. Nc3 d5 4. cxd5 Nxd5 5. e4 Nxc3 6. bxc3 Bg7 7. Nf3 c5 8.
Be3 Qa5 9. Nd2 cxd4 10. Nc4 Qc7 11. cxd4 O-O 12. Rc1 Rd8 13. d5 Na6 14. Be2 Nc5
15. O-O b6 16. Na5 Bd7 17. Ba6 Qd6 18. Bb7 Rab8 19. Bc6 Nxe4 20. Nb7 Rxb7 21.
Bxb7 Bb5 22. Re1 Bc3 23. a4 Bxe1 24. axb5 Bc3 25. Qd3 Qb4 26. Bc6 Bf6 27. Rb1
Qa4 28. Re1 Qb4 29. Rb1 Qa4 30. Re1 Qb4 31. Rb1 1/2-1/2

[Event "USCL Week 7"]
[Site "Internet Chess Club"]
[Date "2015.10.07"]
[Round "?"]
[White "Orlov, Georgi"]
[Black "Gareyev, Timur"]
[Result "0-1"]
[WhiteElo "2528"]
[BlackElo "2656"]
[PlyCount "118"]
[EventDate "2015.??.??"]

1. e4 g6 2. d4 Bg7 3. Nc3 d6 4. Be3 Nd7 5. Qd2 a6 6. Nf3 h6 7. h3 e6 8. a4 b6
9. d5 e5 10. g4 Ngf6 11. Be2 Nc5 12. Bxc5 bxc5 13. Qe3 Rb8 14. b3 Rb4 15. Bc4
O-O 16. Rg1 h5 17. Nh2 Bd7 18. f3 Nh7 19. O-O-O Rxc4 20. bxc4 Qh4 21. gxh5 Qxh5
22. Ng4 Rb8 23. Kd2 Rb4 24. Kd3 Kf8 25. Rdf1 f5 26. f4 Kg8 27. exf5 Bxf5+ 28.
Ne4 Rxa4 29. fxe5 dxe5 30. Rxf5 Qxf5 31. Qxc5 Ng5 32. Ngf2 Bh6 33. Rxg5 Bxg5
34. Kc3 Qf3+ 35. Kb2 Be3 36. Nf6+ Qxf6 37. Qxe3 e4+ 38. c3 Rxc4 39. Kb3 Rxc3+
40. Qxc3 Qxf2 41. Qxc7 Qe3+ 42. Kb4 Qd4+ 43. Ka5 Qxd5+ 44. Kxa6 Qe6+ 45. Kb5
Qb3+ 46. Ka5 Qxh3 47. Qc4+ Kg7 48. Qc7+ Kh6 49. Kb4 Qd3 50. Qh2+ Kg5 51. Qe5+
Kg4 52. Qe6+ Kh5 53. Qe5+ g5 54. Qh2+ Kg4 55. Qg2+ Qg3 56. Qe2+ Qf3 57. Qc4 Kg3
58. Qc1 e3 59. Qh1 Qxh1 0-1

[Event "USCL Week 7"]
[Site "Internet Chess Club"]
[Date "2015.10.07"]
[Round "?"]
[White "Adamson, Robby"]
[Black "Jayaraman, Arvind"]
[Result "1/2-1/2"]
[WhiteElo "2360"]
[BlackElo "2331"]
[PlyCount "151"]
[EventDate "2015.??.??"]

1. e4 e5 2. Nf3 Nc6 3. Bb5 a6 4. Ba4 Nf6 5. d4 exd4 6. O-O Be7 7. e5 Ne4 8.
Nxd4 O-O 9. Nf5 d5 10. Bxc6 bxc6 11. Nxe7+ Qxe7 12. Re1 Re8 13. f3 Nc5 14. b3
Ne6 15. Ba3 Qg5 16. Bc1 Qe7 17. Qd2 Qc5+ 18. Kh1 Qd4 19. Qxd4 Nxd4 20. Na3 Bf5
21. Bb2 Ne6 22. Rad1 Rad8 23. Kg1 h5 24. h4 c5 25. Kf2 c6 26. Rd2 a5 27. Rg1 a4
28. g4 hxg4 29. fxg4 Bh7 30. Nb1 Rb8 31. Nc3 axb3 32. cxb3 c4 33. bxc4 Nf4 34.
Kg3 Nd3 35. Ba1 dxc4 36. Re2 Rxe5 37. Rxe5 Nxe5 38. Re1 f6 39. Re3 Rd8 40. g5
Rd4 41. gxf6 gxf6 42. Ne2 Rg4+ 43. Kh3 Bf5 44. Rg3 Kf7 45. Rg2 Rg6+ 46. Kh2
Nf3+ 47. Kh1 Rh6 48. Rf2 Be4 49. Kg2 Nxh4+ 50. Kf1 Nf5 51. Ke1 Rh1+ 52. Rf1
Rxf1+ 53. Kxf1 Ne3+ 54. Kf2 Nc2 55. Bc3 c5 56. Ng3 Bc6 57. Ne2 Ke6 58. Nf4+ Kf5
59. Nh5 Nd4 60. Ke3 Kg5 61. Ng3 Nb5 62. Be1 f5 63. Ne2 Nc7 64. Nf4 Nd5+ 65.
Nxd5 Bxd5 66. a4 f4+ 67. Kd2 Kg4 68. Bf2 Kf3 69. Bxc5 Kg2 70. Kc3 f3 71. a5 f2
72. Bxf2 Kxf2 73. a6 Ke3 74. a7 Ke4 75. a8=B Bxa8 76. Kxc4 1/2-1/2

[Event "USCL Week 7"]
[Site "Internet Chess Club"]
[Date "2015.10.07"]
[Round "?"]
[White "Moskow, Eric"]
[Black "Tiglon, Bryce"]
[Result "1/2-1/2"]
[WhiteElo "2100"]
[BlackElo "2305"]
[PlyCount "119"]
[EventDate "2015.??.??"]

1. Nf3 Nf6 2. c4 g6 3. Nc3 d5 4. cxd5 Nxd5 5. h4 Bg7 6. e4 Nxc3 7. dxc3 Qxd1+
8. Kxd1 Nd7 9. Bf4 e5 10. Bg3 f5 11. exf5 gxf5 12. Bc4 f4 13. Bh2 Nb6 14. Bd3
Bg4 15. Be4 O-O-O+ 16. Kc2 Nc4 17. b3 Nd6 18. Nd2 Nxe4 19. Nxe4 Bf5 20. Rhe1
Bf6 21. g4 fxg3 22. Bxg3 Be7 23. Rad1 Rhg8 24. Rxd8+ Bxd8 25. Kd2 b6 26. Ke3
Rg4 27. f3 Rg8 28. Kf2 h6 29. Nd2 Bf6 30. Ne4 Be7 31. Rh1 Rf8 32. Ke3 Rg8 33.
Kf2 Re8 34. Re1 Kd7 35. Nd2 Bf6 36. Ne4 Bg7 37. Ke3 Ke6 38. Rd1 Rg8 39. Kf2 Bf8
40. Re1 Bg7 41. Rd1 a5 42. a4 Kf7 43. h5 Ke6 44. Bh4 Rf8 45. Ke3 Rf7 46. Bg3
Bf8 47. Rd8 Ke7 48. Bh4+ Ke6 49. Re8+ Be7 50. Bxe7 Rxe7 51. Rh8 Bh7 52. Rf8 Rf7
53. Re8+ Re7 54. Rf8 Rf7 55. Re8+ Kf5 56. Ng3+ Kf6 57. Ne4+ Kf5 58. Ng3+ Kf6
59. Ne4+ Kf5 60. Ng3+ 1/2-1/2

[Event "USCL Week 8"]
[Site "Internet Chess Club"]
[Date "2015.10.13"]
[Round "?"]
[White "Bozkurt, Ilker"]
[Black "Gorman, Dov"]
[Result "0-1"]
[WhiteElo "2393"]
[BlackElo "2403"]
[PlyCount "60"]
[EventDate "2015.??.??"]

1. e4 c5 2. Nf3 e6 3. Nc3 a6 4. d4 cxd4 5. Nxd4 Nc6 6. Be3 Qc7 7. Qd2 Nf6 8. f3
Be7 9. O-O-O O-O 10. g4 b5 11. g5 Ne8 12. h4 Ne5 13. Kb1 Bb7 14. h5 Rc8 15. f4
b4 16. Nd5 exd5 17. Nf5 Bc5 18. Bxc5 Qxc5 19. fxe5 dxe4 20. Qh2 e3 21. Bd3 Bxh1
22. Rxh1 Rc6 23. g6 h6 24. Qf4 fxg6 25. Bc4+ Kh8 26. hxg6 Rxg6 27. Nxh6 Rg1+
28. Rxg1 Rxf4 29. Nf7+ Kg8 30. Nh6+ Kf8 0-1

[Event "USCL Week 8"]
[Site "Internet Chess Club"]
[Date "2015.10.13"]
[Round "?"]
[White "Katz, Alexander"]
[Black "Haskel, Jeffrey"]
[Result "1-0"]
[WhiteElo "2464"]
[BlackElo "2355"]
[PlyCount "57"]
[EventDate "2015.??.??"]

1. c4 Nf6 2. Nc3 c5 3. g3 g6 4. Bg2 Bg7 5. e3 O-O 6. Nge2 d6 7. O-O Nc6 8. a3
Bd7 9. Rb1 Qc8 10. Nf4 e5 11. Nfd5 Nxd5 12. Nxd5 Bh3 13. b4 Bxg2 14. Kxg2 cxb4
15. axb4 Kh8 16. d3 Nd8 17. h4 h5 18. e4 Ne6 19. f4 exf4 20. gxf4 Nd4 21. f5
Kh7 22. Bb2 Be5 23. f6 Qd7 24. Bxd4 Bxd4 25. Rf5 Rg8 26. Kh1 Kh6 27. Qd2+ Kh7
28. Qe2 Kh6 29. Nf4 1-0

[Event "USCL Week 8"]
[Site "Internet Chess Club"]
[Date "2015.10.13"]
[Round "?"]
[White "Becerra, Julio"]
[Black "Vigorito, David"]
[Result "1/2-1/2"]
[WhiteElo "2616"]
[BlackElo "2511"]
[PlyCount "71"]
[EventDate "2015.??.??"]

1. e4 c5 2. Nf3 d6 3. Bb5+ Bd7 4. Bxd7+ Qxd7 5. O-O Nf6 6. Re1 Nc6 7. c3 e6 8.
d4 cxd4 9. cxd4 d5 10. e5 Ne4 11. Nbd2 Nxd2 12. Bxd2 Bb4 13. Rc1 Bxd2 14. Qxd2
O-O 15. Rc3 Rfc8 16. h4 Ne7 17. Rec1 Rxc3 18. Rxc3 Rc8 19. h5 h6 20. g4 Rc4 21.
b3 Rc6 22. Kg2 b6 23. Ne1 a5 24. Nc2 Qc7 25. Rxc6 Qxc6 26. a4 b5 27. Na3 bxa4
28. Qxa5 axb3 29. Qd8+ Kh7 30. Qxe7 Qc1 31. Qb4 Qd1 32. f3 Qe2+ 33. Kg3 Qe3 34.
Kg2 Qe2+ 35. Kg3 Qe3 36. Kg2 1/2-1/2

[Event "USCL Week 8"]
[Site "Internet Chess Club"]
[Date "2015.10.13"]
[Round "?"]
[White "Harris, Ian"]
[Black "Jacobson, Brandon"]
[Result "0-1"]
[WhiteElo "2346"]
[BlackElo "2192"]
[PlyCount "88"]
[EventDate "2015.??.??"]

1. e4 e5 2. Nf3 Nc6 3. c3 d5 4. Qa4 f6 5. Bb5 Nge7 6. exd5 Qxd5 7. O-O Bd7 8.
d4 exd4 9. cxd4 O-O-O 10. Nc3 Qh5 11. d5 Nxd5 12. Nxd5 Qxd5 13. Bf4 a6 14. Be2
Bc5 15. Rfd1 Nd4 16. Qc2 Bf5 17. Qd2 Qe4 18. Nxd4 Rxd4 19. Qa5 Rxd1+ 20. Rxd1
Bxf2+ 21. Kxf2 Qxf4+ 22. Bf3 Bg4 23. Rd3 Bxf3 24. Rxf3 Qd4+ 25. Kg3 Re8 26.
Qf5+ Kb8 27. Qxh7 g5 28. h3 Qe5+ 29. Kg4 Rd8 30. g3 Rd4+ 31. Kh5 g4+ 32. Rf5
Qxg3 33. h4 Qd3 34. Qh8+ Ka7 35. Qxf6 g3 36. Qe5 Qd1+ 37. Kg6 Qg4+ 38. Rg5 Rd6+
39. Kf7 Qxh4 40. Qxg3 Qh7+ 41. Ke8 Re6+ 42. Kf8 Qh8+ 43. Kf7 Qf6+ 44. Kg8 Re8+
0-1

[Event "USCL Week 8"]
[Site "Internet Chess Club"]
[Date "2015.10.13"]
[Round "?"]
[White "Bartell, Tom"]
[Black "Schroer, Jonathan"]
[Result "1-0"]
[WhiteElo "2483"]
[BlackElo "2427"]
[PlyCount "81"]
[EventDate "2015.??.??"]

1. d4 d5 2. c4 c6 3. Nf3 Nf6 4. e3 e6 5. b3 Nbd7 6. Bb2 Ne4 7. Nfd2 f5 8. g3
Bd6 9. Bg2 Qe7 10. O-O h5 11. f4 h4 12. Nxe4 fxe4 13. a4 h3 14. Bh1 Nf6 15. Ba3
Bd7 16. Bxd6 Qxd6 17. Nc3 Ke7 18. g4 Rh4 19. g5 Ng4 20. Qe1 Rah8 21. c5 Qc7 22.
Bxe4 dxe4 23. Nxe4 Be8 24. Nd6 Kd8 25. a5 a6 26. Ra4 Bd7 27. Nf7+ Kc8 28. Nxh8
Rxh8 29. Qg3 e5 30. f5 exd4 31. Qxg4 dxe3 32. Re4 Qxa5 33. b4 Qa2 34. Rxe3 Rh4
35. Qg3 Qc4 36. Qf2 Rg4+ 37. Rg3 Re4 38. f6 gxf6 39. gxf6 Re2 40. Qxe2 Qxe2 41.
f7 1-0

[Event "USCL Week 8"]
[Site "Internet Chess Club"]
[Date "2015.10.13"]
[Round "?"]
[White "Pelaez, Jorge"]
[Black "Winer, Steven"]
[Result "1/2-1/2"]
[WhiteElo "2233"]
[BlackElo "2425"]
[PlyCount "69"]
[EventDate "2015.??.??"]

1. Nf3 d5 2. g3 c6 3. Bg2 Bg4 4. O-O Nd7 5. d3 Ngf6 6. c4 e6 7. cxd5 cxd5 8.
Bg5 Be7 9. Nbd2 h6 10. Bf4 O-O 11. Rc1 Qb6 12. Nb3 Rfc8 13. Be3 Qa6 14. a3 e5
15. h3 Be6 16. d4 Rxc1 17. Nxc1 e4 18. Ne5 Bd6 19. Bf4 g5 20. Nxd7 Nxd7 21.
Bxd6 Qxd6 22. f4 f5 23. Qd2 Kh7 24. Nb3 gxf4 25. gxf4 Rg8 26. Kh2 Nb6 27. Na5
Rg7 28. e3 Qd8 29. Rg1 Qc8 30. Bf1 Nd7 31. Rxg7+ Kxg7 32. Qb4 Qc1 33. Qe7+ Bf7
34. Qxd7 Qxf1 35. Nxb7 1/2-1/2

[Event "USCL Week 8"]
[Site "Internet Chess Club"]
[Date "2015.10.13"]
[Round "?"]
[White "Subervi, Jonathan"]
[Black "Martirosov, Vadim"]
[Result "0-1"]
[WhiteElo "2297"]
[BlackElo "2367"]
[PlyCount "56"]
[EventDate "2015.??.??"]

1. Nf3 d5 2. c4 c6 3. d4 e6 4. e3 f5 5. Bd3 Nf6 6. O-O Bd6 7. Qc2 O-O 8. cxd5
cxd5 9. b3 Nc6 10. Bb2 Bd7 11. Qe2 Be8 12. Ne5 Bh5 13. f3 Qb8 14. Nxc6 Bxh2+
15. Kh1 bxc6 16. g4 Bd6 17. gxh5 Nxh5 18. Rg1 Rf6 19. f4 Bxf4 20. Nd2 Rh6 21.
Kg2 Bh2 22. Kf2 Bxg1+ 23. Rxg1 Qh2+ 24. Rg2 Qh4+ 25. Kg1 Ng3 26. Qf3 Ne4 27.
Kf1 Qh1+ 28. Ke2 Rh2 0-1

[Event "USCL Week 8"]
[Site "Internet Chess Club"]
[Date "2015.10.13"]
[Round "?"]
[White "Edelman, Danny"]
[Black "Stripunsky, Alex"]
[Result "0-1"]
[WhiteElo "2460"]
[BlackElo "2661"]
[PlyCount "90"]
[EventDate "2015.??.??"]

1. e4 c5 2. Nf3 e6 3. d4 cxd4 4. Nxd4 a6 5. Nc3 b5 6. Bd3 Bc5 7. Nb3 Be7 8. O-O
d6 9. Qf3 Bb7 10. Bd2 Nf6 11. Rae1 Nbd7 12. Qh3 Ne5 13. f4 Nxd3 14. cxd3 O-O
15. Re3 d5 16. e5 d4 17. exf6 Bxf6 18. Rg3 dxc3 19. Bxc3 Rc8 20. Qh6 Rxc3 21.
bxc3 Bxc3 22. Kh1 Qd5 23. Qh4 Re8 24. Qg4 g6 25. d4 b4 26. Qe2 Bc6 27. Qe3 a5
28. Rg5 f5 29. Qg3 Kg7 30. Rd1 a4 31. Nc1 Qe4 32. h4 Qc2 33. Qd3 Qxd3 34. Nxd3
Bd5 35. Nc1 Rc8 36. Rg3 a3 37. Kh2 Be4 38. Ne2 Bb2 39. Re3 Bd5 40. h5 Bxa2 41.
h6+ Kxh6 42. g4 fxg4 43. Kg3 Bd5 44. Kxg4 a2 45. Rh3+ Kg7 0-1

[Event "USCL Week 8"]
[Site "Internet Chess Club"]
[Date "2015.10.13"]
[Round "?"]
[White "Wang, Steve"]
[Black "Rubenchik, Rodion"]
[Result "0-1"]
[WhiteElo "2233"]
[BlackElo "2331"]
[PlyCount "94"]
[EventDate "2015.??.??"]

1. d4 d5 2. Nf3 Nf6 3. c4 c6 4. Qc2 dxc4 5. Qxc4 Bf5 6. g3 e6 7. Bg2 Nbd7 8.
O-O Be7 9. Nc3 O-O 10. Re1 Ne4 11. e3 h6 12. Nd2 Nxd2 13. Bxd2 Bh7 14. a4 a5
15. Qe2 Qb6 16. e4 Qxd4 17. Bxh6 Nc5 18. Be3 Qb4 19. Rad1 Rfd8 20. Bf4 Nxa4 21.
Nxa4 Qxa4 22. Bc7 Rxd1 23. Rxd1 Qb4 24. Rd7 Bf8 25. h4 Re8 26. Kh2 Re7 27. Rxe7
Bxe7 28. Kh3 Bc5 29. Qg4 Qxb2 30. Qg5 Bf8 31. Qd8 Qf6 32. Qb8 g5 33. h5 g4+ 34.
Kxg4 Qxf2 35. Bd6 f5+ 36. Kh4 fxe4 37. Qd8 Qf7 38. Bh3 Bf5 39. g4 e3 40. Bxf8
Qxf8 41. Qg5+ Kh7 42. gxf5 e2 43. Qg6+ Kh8 44. Qxe6 Qb4+ 45. Kg5 e1=Q 46. Qc8+
Kh7 47. f6 Qeh4+ 0-1